[Event "MMM"]
[Site "Galaxy Gesia 22a - Krakow"]
[Date "2022.06.16"]
[Round "1.24"]
[White "Bukala, Weronika"]
[Black "Wilk, Tomasz"]
[Result "1-0"]
[BlackElo "1910"]
[WhiteElo "1747"]
[LiveChessVersion "1.4.8"]

1. e4 {[%clk 1:30:30]} c6 {[%clk 1:30:43]} 2. d4 {[%clk 1:30:46]} d5
{[%clk 1:31:05]} 3. exd5 {[%clk 1:31:12]} cxd5 {[%clk 1:31:30]} 4. Bd3
{[%clk 1:31:34]} Nc6 {[%clk 1:31:15]} 5. c3 {[%clk 1:31:58]} Nf6 {[%clk 1:29:57]}
6. h3 {[%clk 1:32:01]} g6 {[%clk 1:28:46]} 7. Bf4 {[%clk 1:32:07]} Bf5
{[%clk 1:25:08]} 8. Nf3 {[%clk 1:31:54]} Bxd3 {[%clk 1:21:38]} 9. Qxd3
{[%clk 1:32:22]} Bg7 {[%clk 1:20:53]} 10. Nbd2 {[%clk 1:31:53]} e6
{[%clk 1:19:40]} 11. O-O {[%clk 1:30:53]} O-O {[%clk 1:20:04]} 12. Rfe1
{[%clk 1:30:12]} Qd7 {[%clk 1:17:27]} 13. Re2 {[%clk 1:28:53]} Rfc8
{[%clk 1:15:41]} 14. Rae1 {[%clk 1:25:48]} a6 {[%clk 1:14:50]} 15. Qe3
{[%clk 1:18:04]} b5 {[%clk 1:10:36]} 16. Ne5 {[%clk 1:06:20]} Nxe5
{[%clk 1:10:44]} 17. Bxe5 {[%clk 1:06:32]} a5 {[%clk 1:10:34]} 18. Nb3
{[%clk 1:05:31]} b4 {[%clk 1:07:17]} 19. Nc5 {[%clk 1:03:47]} Qc6
{[%clk 1:01:52]} 20. cxb4 {[%clk 0:50:54]} axb4 {[%clk 1:01:59]} 21. b3
{[%clk 0:43:07]} Nd7 {[%clk 0:59:14]} 22. Nxd7 {[%clk 0:37:09]} Qxd7
{[%clk 0:59:38]} 23. Bxg7 {[%clk 0:37:26]} Kxg7 {[%clk 1:00:04]} 24. h4
{[%clk 0:37:20]} Qe7 {[%clk 0:58:17]} 25. h5 {[%clk 0:35:36]} Qf6
{[%clk 0:57:33]} 26. Qd2 {[%clk 0:32:55]} Rc3 {[%clk 0:56:32]} 27. Re3
{[%clk 0:30:33]} Rac8 {[%clk 0:55:19]} 28. h6+ {[%clk 0:29:38]} Kg8
{[%clk 0:55:43]} 29. Rxc3 {[%clk 0:28:16]} bxc3 {[%clk 0:55:11]} 30. Rc1
{[%clk 0:28:17]} e5 {[%clk 0:43:35]} 31. Rxc3 {[%clk 0:27:44]} Rd8
{[%clk 0:44:02]} 32. dxe5 {[%clk 0:23:21]} Qxe5 {[%clk 0:44:26]} 33. Re3
{[%clk 0:22:32]} Qf6 {[%clk 0:43:34]} 34. Qxd5 {[%clk 0:18:00]} Rc8
{[%clk 0:43:59]} 35. Qe5 {[%clk 0:16:12]} Qxe5 {[%clk 0:44:00]} 36. Rxe5
{[%clk 0:16:38]} Kf8 {[%clk 0:44:24]} 37. a4 {[%clk 0:16:01]} f5 {[%clk 0:43:30]}
38. Rb5 {[%clk 0:15:34]} Kf7 {[%clk 0:43:52]} 39. Rb7+ {[%clk 0:15:42]} Kf6
{[%clk 0:44:18]} 40. b4 {[%clk 0:14:33]} Kg5 {[%clk 0:43:55]} 41. Rxh7
{[%clk 0:13:46]} f4 {[%clk 0:44:11]} 42. Rf7 {[%clk 0:13:08]} Kg4
{[%clk 0:44:17]} 43. h7 {[%clk 0:11:48]} g5 {[%clk 0:44:38]} 44. Kh2
{[%clk 0:10:58]} Kh4 {[%clk 0:45:00]} 45. Rg7 {[%clk 0:09:48]} Rh8
{[%clk 0:45:22]} 46. a5 {[%clk 0:09:32]} 1-0

[Event "MMM"]
[Site "Galaxy Gesia 22a - Krakow"]
[Date "2022.06.16"]
[Round "1.25"]
[White "Szczerba, Marek"]
[Black "Skrzypczynski, Kacper"]
[Result "0-1"]
[BlackElo "1731"]
[WhiteElo "1902"]
[LiveChessVersion "1.4.8"]

1. e4 {[%clk 1:30:55]} c5 {[%clk 1:30:52]} 2. c3 {[%clk 1:31:08]} Nf6
{[%clk 1:31:16]} 3. e5 {[%clk 1:30:22]} Nd5 {[%clk 1:31:39]} 4. d4
{[%clk 1:30:17]} cxd4 {[%clk 1:31:43]} 5. Nf3 {[%clk 1:28:04]} e6
{[%clk 1:30:32]} 6. cxd4 {[%clk 1:28:24]} Be7 {[%clk 1:29:46]} 7. Nc3
{[%clk 1:28:32]} Nxc3 {[%clk 1:29:33]} 8. bxc3 {[%clk 1:28:59]} O-O
{[%clk 1:28:15]} 9. Bd3 {[%clk 1:29:19]} d6 {[%clk 1:28:00]} 10. O-O
{[%clk 1:29:04]} Nc6 {[%clk 1:27:40]} 11. Bf4 {[%clk 1:28:38]} dxe5
{[%clk 1:27:49]} 12. Nxe5 {[%clk 1:27:56]} Nxe5 {[%clk 1:28:10]} 13. Bxe5
{[%clk 1:27:50]} Bd6 {[%clk 1:27:22]} 14. Qe2 {[%clk 1:25:10]} Qc7
{[%clk 1:26:44]} 15. Bxd6 {[%clk 1:19:09]} Qxd6 {[%clk 1:26:58]} 16. a4
{[%clk 1:11:43]} Bd7 {[%clk 1:27:01]} 17. Rfd1 {[%clk 1:08:13]} g6
{[%clk 1:26:44]} 18. c4 {[%clk 1:07:59]} Rfe8 {[%clk 1:25:50]} 19. c5
{[%clk 1:03:36]} Qc7 {[%clk 1:25:33]} 20. Qe3 {[%clk 1:02:44]} Bc6
{[%clk 1:25:26]} 21. h4 {[%clk 1:02:15]} Rad8 {[%clk 1:19:49]} 22. Bb5
{[%clk 1:01:44]} Rd5 {[%clk 1:18:06]} 23. Bc4 {[%clk 0:59:35]} Rdd8
{[%clk 1:11:57]} 24. h5 {[%clk 0:59:15]} Qe7 {[%clk 1:10:36]} 25. Qf4
{[%clk 0:51:24]} Rd7 {[%clk 1:07:40]} 26. Qe5 {[%clk 0:42:37]} Qh4
{[%clk 1:03:38]} 27. h6 {[%clk 0:31:17]} Qxh6 {[%clk 1:00:29]} 28. d5
{[%clk 0:31:17]} Red8 {[%clk 1:00:53]} 29. d6 {[%clk 0:30:27]} Qg7
{[%clk 0:57:09]} 30. Qe3 {[%clk 0:27:20]} Qf6 {[%clk 0:53:55]} 31. a5
{[%clk 0:26:29]} Qh4 {[%clk 0:52:41]} 32. Rd4 {[%clk 0:26:00]} Qh5
{[%clk 0:52:48]} 33. Rf4 {[%clk 0:24:32]} Qg5 {[%clk 0:50:38]} 34. Rf3
{[%clk 0:17:47]} Qg4 {[%clk 0:49:35]} 35. Be2 {[%clk 0:17:23]} Bxf3
{[%clk 0:45:23]} 36. Bxf3 {[%clk 0:17:51]} Qb4 {[%clk 0:45:46]} 37. a6
{[%clk 0:17:28]} bxa6 {[%clk 0:36:06]} 38. Bc6 {[%clk 0:16:59]} Rb7
{[%clk 0:31:42]} 39. Bxb7 {[%clk 0:17:00]} Qxb7 {[%clk 0:32:09]} 40. Qd4
{[%clk 0:15:03]} Qc6 {[%clk 0:31:11]} 41. Rb1 {[%clk 0:13:37]} a5
{[%clk 0:27:51]} 42. Rb3 {[%clk 0:11:08]} a4 {[%clk 0:23:38]} 43. Rb4
{[%clk 0:09:22]} Rc8 {[%clk 0:21:00]} 44. Rc4 {[%clk 0:05:46]} a3
{[%clk 0:19:24]} 45. Qa1 {[%clk 0:05:40]} Qd5 {[%clk 0:17:00]} 46. d7
{[%clk 0:03:59]} Qxd7 {[%clk 0:16:54]} 47. Qxa3 {[%clk 0:03:52]} Qd1+
{[%clk 0:15:19]} 48. Kh2 {[%clk 0:04:13]} Qe2 {[%clk 0:14:51]} 49. Qc3
{[%clk 0:03:25]} Qxf2 {[%clk 0:13:01]} 50. c6 {[%clk 0:03:50]} Qb6
{[%clk 0:13:04]} 51. c7 {[%clk 0:03:46]} a5 {[%clk 0:12:10]} 52. g3
{[%clk 0:03:47]} a4 {[%clk 0:06:06]} 53. Qf6 {[%clk 0:03:59]} Qd6
{[%clk 0:06:03]} 54. Qc3 {[%clk 0:02:05]} a3 {[%clk 0:06:23]} 55. Rc6
{[%clk 0:01:54]} Qd7 {[%clk 0:06:20]} 56. Ra6 {[%clk 0:01:00]} Qxc7
{[%clk 0:06:35]} 57. Qxc7 {[%clk 0:00:48]} Rxc7 {[%clk 0:07:00]} 58. Rxa3
{[%clk 0:01:16]} e5 {[%clk 0:07:14]} 59. Kh3 {[%clk 0:01:42]} f5 {[%clk 0:07:20]}
60. Kh4 {[%clk 0:02:02]} Kg7 {[%clk 0:07:40]} 61. Kg5 {[%clk 0:01:43]} h6+
{[%clk 0:08:02]} 62. Kh4 {[%clk 0:02:07]} Rc6 {[%clk 0:07:52]} 63. g4
{[%clk 0:01:52]} Rc4 {[%clk 0:07:41]} 64. Ra7+ {[%clk 0:02:05]} Kf6
{[%clk 0:08:03]} 65. Ra6+ {[%clk 0:02:19]} Kf7 {[%clk 0:08:24]} 66. Ra7+
{[%clk 0:02:37]} Ke6 {[%clk 0:08:50]} 67. Ra6+ {[%clk 0:02:48]} Kd5
{[%clk 0:09:15]} 68. Ra5+ {[%clk 0:03:09]} Ke4 {[%clk 0:09:36]} 69. Ra6
{[%clk 0:03:25]} Kf3 {[%clk 0:09:03]} 0-1

[Event "MMM"]
[Site "Galaxy Gesia 22a - Krakow"]
[Date "2022.06.16"]
[Round "2.1"]
[White "Torngren, Gustav"]
[Black "Lewtak, Damian"]
[Result "0-1"]
[BlackElo "2388"]
[WhiteElo "2282"]
[LiveChessVersion "1.4.8"]

1. d4 {[%clk 1:29:35]} d5 {[%clk 1:29:32]} 2. Nf3 {[%clk 1:29:14]} Nf6
{[%clk 1:29:55]} 3. c4 {[%clk 1:29:38]} c6 {[%clk 1:30:22]} 4. Nbd2
{[%clk 1:29:57]} Bf5 {[%clk 1:26:51]} 5. Nh4 {[%clk 1:30:09]} Bc8
{[%clk 1:26:47]} 6. e3 {[%clk 1:30:30]} Ne4 {[%clk 1:24:36]} 7. Nxe4
{[%clk 1:29:44]} dxe4 {[%clk 1:24:50]} 8. g3 {[%clk 1:30:07]} e5 {[%clk 1:22:59]}
9. a3 {[%clk 1:17:08]} Be7 {[%clk 1:16:59]} 10. Ng2 {[%clk 1:16:45]} Bf6
{[%clk 1:09:02]} 11. dxe5 {[%clk 1:06:53]} Qxd1+ {[%clk 1:09:13]} 12. Kxd1
{[%clk 1:07:14]} Bxe5 {[%clk 1:09:39]} 13. Be2 {[%clk 1:04:51]} g5
{[%clk 1:05:01]} 14. h4 {[%clk 1:04:59]} f6 {[%clk 1:05:21]} 15. Kc2
{[%clk 1:04:34]} h6 {[%clk 0:59:05]} 16. Bd2 {[%clk 1:04:12]} Be6
{[%clk 0:58:26]} 17. Rh2 {[%clk 0:56:21]} Kf7 {[%clk 0:56:19]} 18. Bc3
{[%clk 0:53:27]} Nd7 {[%clk 0:55:32]} 19. Rd1 {[%clk 0:52:56]} Kg7
{[%clk 0:47:59]} 20. b3 {[%clk 0:51:29]} Rad8 {[%clk 0:45:39]} 21. Bd4
{[%clk 0:47:46]} c5 {[%clk 0:45:29]} 22. Bc3 {[%clk 0:47:25]} Bxc3
{[%clk 0:44:59]} 23. Kxc3 {[%clk 0:47:53]} Ne5 {[%clk 0:45:17]} 24. Rxd8
{[%clk 0:43:07]} Rxd8 {[%clk 0:45:40]} 25. Rh1 {[%clk 0:43:30]} Bg4
{[%clk 0:42:46]} 26. Bxg4 {[%clk 0:42:54]} Nxg4 {[%clk 0:43:10]} 27. Rf1
{[%clk 0:43:10]} Rd3+ {[%clk 0:42:03]} 28. Kc2 {[%clk 0:43:24]} a5
{[%clk 0:41:48]} 29. h5 {[%clk 0:28:53]} Kf7 {[%clk 0:41:17]} 30. Rb1
{[%clk 0:25:57]} Nxf2 {[%clk 0:40:19]} 31. b4 {[%clk 0:26:18]} cxb4
{[%clk 0:40:04]} 32. axb4 {[%clk 0:26:44]} axb4 {[%clk 0:40:11]} 33. Rxb4
{[%clk 0:27:12]} Rd7 {[%clk 0:40:32]} 34. Rb1 {[%clk 0:26:21]} Ng4
{[%clk 0:40:26]} 35. Rb5 {[%clk 0:26:13]} Ke7 {[%clk 0:37:30]} 36. Rb6
{[%clk 0:25:02]} Ne5 {[%clk 0:35:52]} 37. Rb4 {[%clk 0:24:37]} Ke6
{[%clk 0:33:04]} 0-1

[Event "MMM"]
[Site "Galaxy Gesia 22a - Krakow"]
[Date "2022.06.16"]
[Round "2.3"]
[White "Trybus, Daniel"]
[Black "Kowalski, Igor"]
[Result "0-1"]
[BlackElo "2356"]
[WhiteElo "2199"]
[LiveChessVersion "1.4.8"]

1. e4 {[%clk 1:30:47]} c6 {[%clk 1:30:57]} 2. d4 {[%clk 1:31:11]} d5
{[%clk 1:31:23]} 3. Nc3 {[%clk 1:31:40]} dxe4 {[%clk 1:31:48]} 4. Nxe4
{[%clk 1:32:07]} Bf5 {[%clk 1:32:13]} 5. Ng3 {[%clk 1:32:34]} Bg6
{[%clk 1:32:38]} 6. Nh3 {[%clk 1:33:00]} Nf6 {[%clk 1:32:51]} 7. c3
{[%clk 1:33:26]} Nbd7 {[%clk 1:33:05]} 8. Nf4 {[%clk 1:33:28]} e5
{[%clk 1:32:58]} 9. dxe5 {[%clk 1:31:33]} Nxe5 {[%clk 1:33:21]} 10. Qxd8+
{[%clk 1:28:47]} Rxd8 {[%clk 1:33:46]} 11. Be3 {[%clk 1:29:06]} b6
{[%clk 1:32:01]} 12. h3 {[%clk 1:28:17]} Nd5 {[%clk 1:25:30]} 13. Nxd5
{[%clk 1:25:58]} Rxd5 {[%clk 1:25:52]} 14. Be2 {[%clk 1:16:48]} Nd3+
{[%clk 1:13:46]} 15. Kf1 {[%clk 1:14:38]} Bc5 {[%clk 0:57:08]} 16. Bf3
{[%clk 1:02:52]} Rd6 {[%clk 0:54:02]} 17. Bxc5 {[%clk 1:02:32]} Nxc5
{[%clk 0:54:09]} 18. Re1+ {[%clk 1:02:21]} Kd7 {[%clk 0:53:41]} 19. Kg1
{[%clk 1:01:49]} Nd3 {[%clk 0:50:58]} 20. Re2 {[%clk 1:01:27]} Re8
{[%clk 0:50:53]} 21. Rd2 {[%clk 0:57:20]} Ne5 {[%clk 0:50:13]} 22. Rxd6+
{[%clk 0:54:12]} Kxd6 {[%clk 0:50:41]} 23. Be2 {[%clk 0:51:54]} Bd3
{[%clk 0:47:17]} 24. Bxd3 {[%clk 0:46:28]} Nxd3 {[%clk 0:47:45]} 25. Kh2
{[%clk 0:46:50]} Nxb2 {[%clk 0:47:46]} 26. Nf5+ {[%clk 0:43:28]} Kc7
{[%clk 0:47:14]} 27. Nxg7 {[%clk 0:43:11]} Re2 {[%clk 0:47:38]} 28. Kg3
{[%clk 0:41:32]} Nd3 {[%clk 0:45:47]} 29. Rd1 {[%clk 0:41:08]} Nxf2
{[%clk 0:44:39]} 30. Rf1 {[%clk 0:41:21]} Ne4+ {[%clk 0:44:50]} 31. Kf3
{[%clk 0:41:47]} Nxc3 {[%clk 0:45:06]} 32. Rc1 {[%clk 0:41:22]} Nxa2
{[%clk 0:45:25]} 33. Kxe2 {[%clk 0:38:47]} Nxc1+ {[%clk 0:45:50]} 34. Kd2
{[%clk 0:39:02]} Nb3+ {[%clk 0:46:15]} 35. Kc3 {[%clk 0:39:24]} Nc5
{[%clk 0:46:38]} 36. Ne8+ {[%clk 0:39:48]} Kd8 {[%clk 0:46:44]} 37. Nf6
{[%clk 0:40:10]} Ke7 {[%clk 0:46:41]} 38. Nxh7 {[%clk 0:40:22]} f6
{[%clk 0:47:08]} 39. Kd4 0-1

[Event "MMM"]
[Site "Galaxy Gesia 22a - Krakow"]
[Date "2022.06.16"]
[Round "2.4"]
[White "Lewicki, Miroslaw"]
[Black "Golenia, Wojciech"]
[Result "1/2-1/2"]
[BlackElo "2130"]
[WhiteElo "2340"]
[LiveChessVersion "1.4.8"]

1. e4 {[%clk 1:30:57]} e5 {[%clk 1:30:46]} 2. Nf3 {[%clk 1:31:16]} Nc6
{[%clk 1:31:04]} 3. Bb5 {[%clk 1:31:26]} a6 {[%clk 1:31:15]} 4. Ba4
{[%clk 1:31:44]} Nf6 {[%clk 1:31:16]} 5. d3 {[%clk 1:32:07]} d6 {[%clk 1:31:10]}
6. c3 {[%clk 1:32:28]} Be7 {[%clk 1:30:10]} 7. h3 {[%clk 1:32:27]} O-O
{[%clk 1:29:11]} 8. Be3 {[%clk 1:32:44]} b5 {[%clk 1:28:29]} 9. Bc2
{[%clk 1:33:05]} d5 {[%clk 1:26:38]} 10. Nbd2 {[%clk 1:33:02]} d4
{[%clk 1:23:55]} 11. cxd4 {[%clk 1:31:54]} exd4 {[%clk 1:23:14]} 12. Bg5
{[%clk 1:32:08]} Nd7 {[%clk 1:20:11]} 13. Bf4 {[%clk 1:31:56]} Nc5
{[%clk 1:13:03]} 14. O-O {[%clk 1:32:08]} Nb4 {[%clk 1:03:52]} 15. Ne5 Ne6
{[%clk 0:54:06]} 16. Bg3 {[%clk 1:32:07]} f6 {[%clk 0:53:20]} 17. Nef3
{[%clk 1:30:24]} Nxc2 {[%clk 0:49:42]} 18. Qxc2 {[%clk 1:30:51]} c5
{[%clk 0:47:24]} 19. Nh4 {[%clk 1:30:47]} Bd6 {[%clk 0:36:36]} 20. f4
{[%clk 1:21:50]} Qc7 {[%clk 0:29:48]} 21. Qb3 {[%clk 1:22:02]} Kh8
{[%clk 0:28:17]} 22. Qd5 {[%clk 1:22:25]} Bxf4 {[%clk 0:15:56]} 23. Bxf4
{[%clk 1:13:52]} Nxf4 {[%clk 0:16:24]} 24. Qxa8 {[%clk 1:14:10]} Ne2+
{[%clk 0:16:35]} 25. Kh1 {[%clk 1:09:22]} Ng3+ {[%clk 0:16:49]} 26. Kg1
{[%clk 1:09:47]} Ne2+ {[%clk 0:17:14]} 27. Kf2 Qg3+ 28. Kxe2 Qe3+ 29. Kd1 Bg4+
30. hxg4 Rxa8 31. Rf3 Qg1+ 32. Rf1 Qe3 1/2-1/2

[Event "MMM"]
[Site "Galaxy Gesia 22a - Krakow"]
[Date "2022.06.16"]
[Round "2.5"]
[White "Melaa, Sondre"]
[Black "Suder, Jakub"]
[Result "0-1"]
[BlackElo "2306"]
[WhiteElo "2178"]
[LiveChessVersion "1.4.8"]

1. d4 {[%clk 1:29:39]} d5 {[%clk 1:30:58]} 2. c4 {[%clk 1:29:35]} dxc4
{[%clk 1:31:22]} 3. e3 {[%clk 1:29:42]} e5 {[%clk 1:31:44]} 4. Bxc4
{[%clk 1:29:57]} exd4 {[%clk 1:31:53]} 5. exd4 {[%clk 1:30:21]} Nf6
{[%clk 1:31:49]} 6. Nf3 {[%clk 1:30:26]} Be7 {[%clk 1:32:11]} 7. O-O
{[%clk 1:29:26]} O-O {[%clk 1:32:32]} 8. Nc3 {[%clk 1:27:44]} Bg4
{[%clk 1:31:47]} 9. Be3 {[%clk 1:26:31]} Nbd7 {[%clk 1:29:44]} 10. h3
{[%clk 1:22:53]} Bh5 {[%clk 1:29:45]} 11. g4 {[%clk 1:21:30]} Bg6
{[%clk 1:29:27]} 12. Ne5 {[%clk 1:21:26]} Nb6 {[%clk 1:26:49]} 13. Be2
{[%clk 1:14:06]} Nfd5 {[%clk 1:24:36]} 14. Qd2 {[%clk 1:11:15]} c6
{[%clk 1:18:16]} 15. f4 {[%clk 0:52:00]} Nxc3 {[%clk 1:14:34]} 16. bxc3
{[%clk 0:50:54]} Be4 {[%clk 1:14:20]} 17. Bd3 {[%clk 0:47:19]} Bxd3
{[%clk 1:14:31]} 18. Qxd3 {[%clk 0:47:41]} f6 {[%clk 1:12:31]} 19. Nf3
{[%clk 0:46:08]} Qd5 {[%clk 1:11:38]} 20. Nd2 {[%clk 0:44:06]} Rad8
{[%clk 1:09:06]} 21. a4 {[%clk 0:41:19]} Qf7 {[%clk 1:04:58]} 22. Rfb1
{[%clk 0:34:34]} Rfe8 {[%clk 1:00:26]} 23. a5 {[%clk 0:30:42]} Nd5
{[%clk 0:58:48]} 24. Rxb7 {[%clk 0:29:59]} Nxe3 {[%clk 0:57:25]} 25. Qxe3
{[%clk 0:30:18]} Bb4 {[%clk 0:57:17]} 26. Rxf7 {[%clk 0:28:04]} Rxe3
{[%clk 0:57:39]} 27. Nf1 {[%clk 0:25:42]} Kxf7 {[%clk 0:56:00]} 28. Nxe3
{[%clk 0:26:05]} Bxc3 {[%clk 0:56:25]} 29. Ra3 {[%clk 0:24:44]} Bxd4
{[%clk 0:56:40]} 30. Kg2 {[%clk 0:23:54]} Bxe3 {[%clk 0:51:40]} 31. Rxe3
{[%clk 0:24:18]} Re8 {[%clk 0:50:41]} 32. Rc3 {[%clk 0:19:47]} Rc8
{[%clk 0:50:43]} 33. Re3 {[%clk 0:19:22]} c5 {[%clk 0:50:16]} 34. Kf3
{[%clk 0:19:23]} Rc6 {[%clk 0:50:02]} 35. f5 {[%clk 0:18:03]} c4 {[%clk 0:48:00]}
36. Rc3 {[%clk 0:16:34]} g6 {[%clk 0:46:50]} 37. Ke4 {[%clk 0:10:30]} gxf5+
{[%clk 0:46:54]} 38. Kxf5 {[%clk 0:10:51]} Rc5+ {[%clk 0:44:41]} 39. Ke4
{[%clk 0:09:50]} Kg6 {[%clk 0:44:21]} 40. a6 {[%clk 0:09:59]} Rc6
{[%clk 0:41:53]} 41. Kd4 {[%clk 0:07:00]} Rxa6 {[%clk 0:40:53]} 42. Rxc4
{[%clk 0:07:22]} Ra3 {[%clk 0:39:29]} 43. Ke4 {[%clk 0:05:36]} h5 44. gxh5+
{[%clk 0:02:21]} Kxh5 {[%clk 0:32:45]} 45. Kf5 {[%clk 0:02:30]} Rf3+
{[%clk 0:32:26]} 46. Ke6 {[%clk 0:01:07]} f5 {[%clk 0:31:17]} 47. Ra4
{[%clk 0:00:50]} Kg6 {[%clk 0:30:38]} 48. Ke5 {[%clk 0:00:46]} Rxh3
{[%clk 0:29:41]} 49. Rxa7 {[%clk 0:01:06]} Rh4 {[%clk 0:30:05]} 50. Ra1
{[%clk 0:01:02]} Re4+ {[%clk 0:29:46]} 51. Kd5 {[%clk 0:01:28]} Kf6
{[%clk 0:29:06]} 52. Rf1 {[%clk 0:01:24]} Ra4 {[%clk 0:28:46]} 53. Rg1
{[%clk 0:00:43]} f4 {[%clk 0:28:27]} 54. Rf1 {[%clk 0:00:34]} Kf5
{[%clk 0:28:49]} 55. Rg1 {[%clk 0:00:35]} f3 {[%clk 0:29:04]} 56. Rh1
{[%clk 0:00:35]} f2 {[%clk 0:28:51]} 57. Rf1 {[%clk 0:00:36]} Rf4
{[%clk 0:28:53]} 0-1

[Event "MMM"]
[Site "Galaxy Gesia 22a - Krakow"]
[Date "2022.06.16"]
[Round "2.6"]
[White "Chylewski, Patryk"]
[Black "Cieslak, Patryk"]
[Result "1-0"]
[BlackElo "1984"]
[WhiteElo "2302"]
[LiveChessVersion "1.4.8"]

1. d4 {[%clk 1:30:57]} Nf6 {[%clk 1:30:23]} 2. c4 {[%clk 1:31:19]} g6
{[%clk 1:29:36]} 3. Nc3 {[%clk 1:31:44]} Bg7 {[%clk 1:30:00]} 4. e4
{[%clk 1:32:08]} d6 {[%clk 1:30:28]} 5. f3 {[%clk 1:31:41]} O-O {[%clk 1:30:44]}
6. Nge2 {[%clk 1:32:06]} c5 {[%clk 1:30:30]} 7. Be3 {[%clk 1:31:36]} Nc6
{[%clk 1:30:27]} 8. d5 {[%clk 1:31:43]} Ne5 {[%clk 1:30:25]} 9. Ng3
{[%clk 1:32:01]} h5 {[%clk 1:29:29]} 10. Be2 {[%clk 1:31:43]} a6 {[%clk 1:28:16]}
11. a4 {[%clk 1:31:13]} Qb6 {[%clk 1:23:52]} 12. a5 {[%clk 1:15:50]} Qc7
{[%clk 1:21:27]} 13. O-O {[%clk 1:14:04]} Rb8 {[%clk 1:15:09]} 14. Qc2
{[%clk 1:10:22]} b6 {[%clk 1:02:03]} 15. axb6 {[%clk 1:06:48]} Rxb6
{[%clk 1:02:23]} 16. Ra2 {[%clk 1:04:50]} Rb8 {[%clk 0:52:51]} 17. Rb1
{[%clk 0:59:48]} Nfd7 {[%clk 0:48:56]} 18. Nf1 {[%clk 0:58:05]} Nb6
{[%clk 0:47:38]} 19. Nd2 {[%clk 0:56:43]} f5 {[%clk 0:46:33]} 20. exf5
{[%clk 0:56:26]} Bxf5 {[%clk 0:46:28]} 21. Nce4 {[%clk 0:56:40]} Qc8
{[%clk 0:44:09]} 22. Bg5 {[%clk 0:53:26]} Rf7 {[%clk 0:43:22]} 23. Nf1
{[%clk 0:50:29]} Bxe4 {[%clk 0:39:29]} 24. Qxe4 {[%clk 0:48:27]} Qf5
{[%clk 0:29:02]} 25. Qxf5 {[%clk 0:44:52]} Rxf5 {[%clk 0:29:02]} 26. Bxe7
{[%clk 0:43:03]} Nexc4 {[%clk 0:27:34]} 27. b3 {[%clk 0:37:46]} Re5
{[%clk 0:22:53]} 28. bxc4 {[%clk 0:26:26]} Rxe7 {[%clk 0:23:12]} 29. Bd3
{[%clk 0:26:13]} Nd7 {[%clk 0:15:57]} 30. Rxb8+ {[%clk 0:23:59]} Nxb8
{[%clk 0:16:07]} 31. Nd2 {[%clk 0:17:21]} Bd4+ {[%clk 0:09:13]} 32. Kf1
{[%clk 0:17:32]} Kg7 {[%clk 0:09:42]} 33. Ne4 {[%clk 0:16:53]} Rxe4
{[%clk 0:09:30]} 34. Bxe4 {[%clk 0:16:29]} Bc3 {[%clk 0:09:00]} 35. Bc2
{[%clk 0:15:52]} a5 {[%clk 0:08:03]} 36. Ra3 {[%clk 0:15:58]} Bb4
{[%clk 0:06:03]} 37. Re3 {[%clk 0:16:13]} Kf7 {[%clk 0:06:31]} 38. Ba4
{[%clk 0:15:37]} Bd2 {[%clk 0:05:56]} 39. Re6 {[%clk 0:16:01]} Bf4
{[%clk 0:05:55]} 40. g3 {[%clk 0:16:26]} Be5 {[%clk 0:06:16]} 41. f4
{[%clk 0:16:52]} 1-0

[Event "MMM"]
[Site "Galaxy Gesia 22a - Krakow"]
[Date "2022.06.16"]
[Round "2.7"]
[White "Chmiel, Marcin"]
[Black "Marszalek, Maciej"]
[Result "0-1"]
[BlackElo "2287"]
[WhiteElo "2207"]
[LiveChessVersion "1.4.8"]

1. e4 {[%clk 1:30:29]} c5 {[%clk 1:30:28]} 2. Nf3 {[%clk 1:30:52]} e6
{[%clk 1:30:42]} 3. d4 {[%clk 1:31:17]} cxd4 {[%clk 1:31:08]} 4. Nxd4
{[%clk 1:31:42]} a6 {[%clk 1:31:35]} 5. Bd3 {[%clk 1:31:35]} Bc5 {[%clk 1:31:16]}
6. Nb3 {[%clk 1:31:56]} Ba7 {[%clk 1:29:19]} 7. Qe2 {[%clk 1:31:47]} Nc6
{[%clk 1:28:47]} 8. Be3 {[%clk 1:32:01]} Nge7 {[%clk 1:29:01]} 9. Nc3
{[%clk 1:30:21]} Ne5 {[%clk 1:28:55]} 10. Bxa7 {[%clk 1:25:56]} Rxa7
{[%clk 1:29:02]} 11. f4 {[%clk 1:24:43]} Nxd3+ {[%clk 1:28:35]} 12. Qxd3
{[%clk 1:24:54]} O-O {[%clk 1:27:08]} 13. O-O-O {[%clk 1:23:36]} b5
{[%clk 1:25:24]} 14. a3 {[%clk 1:22:07]} d5 {[%clk 1:10:32]} 15. h4
{[%clk 1:16:59]} Qc7 {[%clk 1:09:24]} 16. e5 {[%clk 1:10:50]} f6 {[%clk 1:07:35]}
17. Rdf1 {[%clk 0:46:30]} fxe5 {[%clk 1:03:18]} 18. fxe5 {[%clk 0:46:48]} Rxf1+
{[%clk 1:03:20]} 19. Rxf1 {[%clk 0:47:06]} Qxe5 {[%clk 1:00:03]} 20. Nc5
{[%clk 0:44:05]} Nf5 {[%clk 0:57:09]} 21. Nxb5 {[%clk 0:23:49]} axb5
{[%clk 0:55:00]} 22. Qxb5 {[%clk 0:24:11]} Rf7 {[%clk 0:50:57]} 23. Qb6
{[%clk 0:21:45]} Qc7 {[%clk 0:48:38]} 24. Qb4 {[%clk 0:20:16]} h5
{[%clk 0:48:40]} 25. a4 {[%clk 0:20:08]} e5 {[%clk 0:39:25]} 26. a5
{[%clk 0:19:13]} Nd4 {[%clk 0:36:46]} 27. Rxf7 {[%clk 0:16:35]} Qxf7
{[%clk 0:36:44]} 28. b3 {[%clk 0:15:21]} Qf2 {[%clk 0:34:34]} 29. Qd2
{[%clk 0:14:56]} Ne2+ {[%clk 0:30:08]} 30. Kb2 {[%clk 0:14:28]} Qxc5
{[%clk 0:29:34]} 31. Qxe2 Bg4 {[%clk 0:29:12]} 32. Qxe5 {[%clk 0:12:30]} Qxa5
{[%clk 0:29:19]} 33. c4 {[%clk 0:09:49]} Qd2+ {[%clk 0:29:30]} 34. Ka3
{[%clk 0:10:11]} dxc4 {[%clk 0:24:57]} 35. Qe8+ {[%clk 0:09:41]} Kh7
{[%clk 0:25:25]} 36. Qe4+ {[%clk 0:10:01]} Kh6 {[%clk 0:25:34]} 37. Qc6+
{[%clk 0:10:19]} g6 {[%clk 0:25:17]} 38. bxc4 {[%clk 0:09:20]} Qa5+
{[%clk 0:22:15]} 39. Kb2 {[%clk 0:07:54]} Qb4+ {[%clk 0:22:36]} 40. Kc2
{[%clk 0:07:20]} Bf5+ {[%clk 0:23:05]} 41. Kd1 {[%clk 0:07:41]} Qb1+
{[%clk 0:22:51]} 42. Ke2 {[%clk 0:07:22]} Qe4+ {[%clk 0:21:23]} 43. Qxe4
{[%clk 0:07:45]} Bxe4 {[%clk 0:21:52]} 44. g3 {[%clk 0:08:05]} Kg7
{[%clk 0:22:21]} 45. Ke3 {[%clk 0:08:21]} Bf5 {[%clk 0:22:50]} 46. Kd4
{[%clk 0:07:25]} 0-1

[Event "MMM"]
[Site "Galaxy Gesia 22a - Krakow"]
[Date "2022.06.16"]
[Round "2.8"]
[White "Krawczyk, Wojciech"]
[Black "Thiercelin, Jerome"]
[Result "0-1"]
[BlackElo "2016"]
[WhiteElo "2036"]
[LiveChessVersion "1.4.8"]

1. d4 {[%clk 1:30:56]} Nf6 2. c4 {[%clk 1:31:12]} c6 {[%clk 1:27:18]} 3. Nc3
{[%clk 1:30:51]} d5 {[%clk 1:27:42]} 4. Nf3 {[%clk 1:29:25]} dxc4
{[%clk 1:28:04]} 5. a4 {[%clk 1:27:58]} Bf5 {[%clk 1:28:29]} 6. Ne5
{[%clk 1:27:43]} Nbd7 7. Nxc4 {[%clk 1:27:22]} Qc7 {[%clk 1:28:39]} 8. g3
{[%clk 1:27:28]} e5 {[%clk 1:28:28]} 9. dxe5 {[%clk 1:23:29]} Nxe5
{[%clk 1:27:17]} 10. Bf4 {[%clk 1:23:48]} Nfd7 {[%clk 1:27:37]} 11. Bg2
{[%clk 1:23:13]} g5 {[%clk 1:27:46]} 12. Bxe5 {[%clk 1:17:25]} Nxe5
{[%clk 1:28:02]} 13. Ne3 {[%clk 1:16:02]} Bg6 {[%clk 1:25:43]} 14. O-O
{[%clk 1:14:01]} Bc5 {[%clk 1:19:18]} 15. Qc1 {[%clk 1:11:02]} O-O-O
{[%clk 0:45:42]} 16. Ne4 {[%clk 1:01:02]} Bd4 {[%clk 0:44:50]} 17. Nc2
{[%clk 0:59:14]} h5 {[%clk 0:42:30]} 18. Nxd4 {[%clk 0:53:35]} Rxd4
{[%clk 0:42:47]} 19. Qe3 {[%clk 0:53:25]} Rhd8 {[%clk 0:36:53]} 20. Nxg5
{[%clk 0:52:32]} Kb8 {[%clk 0:36:59]} 21. Rfc1 {[%clk 0:49:16]} h4
{[%clk 0:32:14]} 22. Qb3 {[%clk 0:46:47]} hxg3 {[%clk 0:30:44]} 23. hxg3
{[%clk 0:46:02]} Qe7 {[%clk 0:26:43]} 24. f4 {[%clk 0:38:40]} Ng4
{[%clk 0:22:33]} 25. Bf3 {[%clk 0:37:35]} Rd3 {[%clk 0:19:25]} 26. Qxd3
{[%clk 0:30:13]} Bxd3 {[%clk 0:19:18]} 27. Bxg4 {[%clk 0:28:25]} Bxe2
{[%clk 0:18:45]} 28. Re1 {[%clk 0:27:02]} Qc5+ {[%clk 0:18:31]} 0-1